• 首页
  • 本馆介绍
  • 公告通知
  • 最新文献
  • 馆藏检索
  • 电子资源
  • 读者导购
  • 参考咨询
  • 我的图书馆
  • 登录
  • 详细信息显示
  • 放入我的书架
  • 预约/预借图书
  • 作者相关作品
  • 分类相关作品
  • 丛书相关作品
  • 出版社相关作品

书目信息

  • 表格格式
  • 工作单格式
  • 卡片格式
题名:
国际图书馆协会联合会第57届大会论文选译
    
 
作者: 丘东江 主编 ;国际图书馆协会联合会
分册:  
出版信息: 北京   书目文献出版社  1996
页数: 210页
开本: 26cm
丛书名:
单 册:
中图分类: G259.1-53
科图分类:
主题词: 图书馆工作--国际会议--文集
电子资源:
ISBN: 7-5013-1261-3
000 00812nam0 2200229 45
001 0196036311
005 20061027111247.76
010    @a7-5013-1261-3@dCNY19.20
100    @a19960808d1996 kemy0chiy0121 ea
101 1  @achi@cmul
102    @aCN@b110000
105    @ay z 100yy
200 10 @a国际图书馆协会联合会第57届大会论文选译@AGUO JI TU SHU GUAN XIE HUI LIAN HE HUI DI 57 JIE DA HUI LUN WEN XUAN YI@f丘东江主编@FQIU DONG JIANG ZHU BIAN
210    @a北京@c书目文献出版社@d1996
215    @a210页@d26cm
540 1  @a国际图联@AGUO JI TU LIAN
606    @a图书馆工作@x国际会议@x文集
690    @aG259.1-53@v3
701  0 @a丘东江@AQIU DONG JIANG@4主编
711 12 @a国际图书馆协会联合会@AGUO JI TU SHU GUAN XIE HUI LIAN HE HUI@d57@f1991@e莫斯科
801  0 @aCN@bTSSF@c20061027
905    @a10447@dG259.1-53@e11:2
    
    国际图书馆协会联合会第57届大会论文选译/丘东江主编.-北京:书目文献出版社,1996
    210页;26cm
    
    
    ISBN 7-5013-1261-3:CNY19.20
    
●
相关链接 在E读中查询图书 在五车中查询图书 在当当中查询图书 在豆瓣中查询图书


正题名:国际图书馆协会联合会第57届大会论文选译     索取号:G259.1-53/11:2         预约/预借

序号 登录号 条形码 馆藏地/架位号 状态 备注
1 0272322   000215252   第一样本阅览室/ [索取号:G259.1-53/11:2] 在馆    
2 0272323   000215662   密集书库/ [索取号:G259.1-53/11:2] 在馆    
3 0272324   000215706   密集书库/ [索取号:G259.1-53/11:2] 在馆    
唐山师范学院图书馆 欢迎您!
大连网信软件有限公司© 版权所有